| 000 | 01194nam a2200301 a 4500 | ||
|---|---|---|---|
| 001 | BRCA_2988 | ||
| 005 | 20190320204046.0 | ||
| 008 | 231208s1938----ci-a---###---#000-0#scr-u | ||
| 041 | _ascr | ||
| 044 | _aci | ||
| 084 |
_a311 _b.N37 _c1938 |
||
| 100 | 1 |
_aCervantes Saavedra, Miguel de _d1547-1616 _9213 |
|
| 245 | 1 | 0 |
_aDon Kihot _cMiguel de Cervantes Saavedra. |
| 260 |
_aZagreb _bNasa Djeca _c[1938?] |
||
| 300 |
_a2 v. _bil. (a color) _c32 cm. |
||
| 500 | _aContenido : Edición compendiada para niños con excelentes ilustraciones a colores | ||
| 500 | _aEdición : Priredio Mate Ujevic. Ilustrirao Vladimir Kirin | ||
| 500 | _aTraducción compendiada para niños con hermosas láminas en cromolitografía. Excelente impresa. Cubiertas ilustrada con motivos quijotiles Lúdovik Osterc | ||
| 500 | _aQMR121? | ||
| 546 | _aTexto en : croata | ||
| 650 | 1 | 4 |
_aNovela española _yÉpoca clásica, 1500-1700 _9215 |
| 650 | 1 | 4 |
_aLiteratura española _yÉpoca clásica, 1500-1700 _9216 |
| 650 | 1 | 4 |
_aNovela española _ySiglo XVII _9217 |
| 650 | 1 | 4 |
_aDon Quijote (Personaje ficticio) _eNovela _9218 |
| 740 | 0 | _aEl Ingenioso Hidalgo Don Quijote de la Mancha | |
| 902 | _aQFM | ||
| 942 |
_2lcc _cB |
||
| 999 |
_c2727 _d2727 |
||